[Event "Sachsen Anhalt-Württemberg 1"]
[Site "Dresden"]
[Date "2008.11.18"]
[Round "7.8"]
[White "Müller, Alexandra"]
[Black "Weber, Sandra"]
[Result "1/2-1/2"]
[WhiteElo "1532"]
[BlackElo "1243"]
[PlyCount "82"]
[EventDate "2008.??.??"]
[WhiteTeam "Sachsen Anhalt"]
[BlackTeam "Württemberg 1"]

1. e4 e5 2. Nf3 Nf6 3. Nc3 Nc6 4. h3 Bb4 5. d3 h6 6. Bd2 O-O 7. a3 Ba5 8. Be2
d5 9. exd5 Nxd5 10. Nxd5 Bxd2+ 11. Qxd2 Qxd5 12. O-O Be6 13. Rad1 Rad8 14. Qc3
Rfe8 15. Rfe1 Bd7 16. Bf1 a6 17. Re4 Bf5 18. Re3 e4 19. Rde1 Kf8 20. Nh4 Bh7
21. dxe4 Rxe4 22. Bd3 Rxe3 23. Rxe3 Bxd3 24. Rxd3 Qg5 25. Rxd8+ Qxd8 26. Nf3
Qd5 27. Kf1 Qd1+ 28. Ne1 Qd4 29. Qxd4 Nxd4 30. c3 Ne6 31. Nd3 Ke7 32. Ke2 Kd6
33. Ke3 Nc5 34. Nxc5 Kxc5 35. b3 b5 36. h4 Kd5 37. Kd3 c6 38. f3 g5 39. hxg5
hxg5 40. b4 f5 41. g3 Ke5 1/2-1/2

[Event "Sachsen Anhalt-Württemberg 1"]
[Site "Dresden"]
[Date "2008.11.18"]
[Round "7.6"]
[White "Nieber, Alexander"]
[Black "Stitterich, Nadine"]
[Result "1-0"]
[WhiteElo "1824"]
[BlackElo "1867"]
[PlyCount "81"]
[EventDate "2008.??.??"]
[WhiteTeam "Sachsen Anhalt"]
[BlackTeam "Württemberg 1"]

1. d4 Nf6 2. c4 g6 3. Nc3 Bg7 4. e4 d6 5. f3 O-O 6. Be3 e5 7. d5 a5 8. Qd2 Na6
9. g4 b6 10. h4 h5 11. gxh5 Nxh5 12. O-O-O Kh7 13. Nh3 Bxh3 14. Bxh3 Rh8 15.
Rdg1 Kg8 16. Bg4 Nc5 17. Kc2 Nd7 18. Bg5 Bf6 19. f4 exf4 20. Bxh5 Rxh5 21. Qxf4
Bxg5 22. hxg5 Rxh1 23. Rxh1 Kg7 24. Nb5 Ne5 25. b3 Rc8 26. Na7 Ra8 27. Nc6 Nxc6
28. dxc6 a4 29. e5 axb3+ 30. Kxb3 d5 31. Qf6+ Qxf6 32. exf6+ Kg8 33. cxd5 Re8
34. Rd1 Re5 35. d6 cxd6 36. Rxd6 Rc5 37. Kb4 Rc1 38. Kb5 Kh7 39. Kxb6 Rc2 40.
c7 Rc3 41. Rc6 1-0

[Event "Sachsen 1-Rheinland-Pfalz"]
[Site "Dresden"]
[Date "2008.11.18"]
[Round "7.2"]
[White "Schulz, Anja"]
[Black "Dann, Matthias"]
[Result "0-1"]
[WhiteElo "2033"]
[BlackElo "2233"]
[PlyCount "80"]
[EventDate "2008.??.??"]
[WhiteTeam "Sachsen 1"]
[BlackTeam "Rheinland-Pfalz"]

1. e4 c5 2. Nf3 d6 3. d4 Nf6 4. Nc3 cxd4 5. Nxd4 a6 6. Be3 e6 7. f3 b5 8. Qd2
Nbd7 9. g4 h6 10. h4 Bb7 11. Rg1 g6 12. g5 hxg5 13. Bxg5 b4 14. Nce2 e5 15. Nb3
a5 16. Ng3 Qb6 17. Rh1 a4 18. Nc1 d5 19. Bd3 Bc5 20. Qe2 Bd4 21. Rb1 Rc8 22.
Kf1 dxe4 23. fxe4 Nc5 24. h5 Nxd3 25. cxd3 Nxh5 26. Nxh5 gxh5 27. Rxh5 Kd7 28.
Qg4+ Qe6 29. Qh4 Rxh5 30. Qxh5 Ba6 31. Qf3 Rg8 32. Be3 Rg6 33. Ke2 Rf6 34. Qg3
Qb6 35. Bxd4 Qxd4 36. Qe3 Qxe3+ 37. Kxe3 Rh6 38. b3 a3 39. Ne2 Rh3+ 40. Kf2
Rxd3 0-1

[Event "Bayern-Württemberg 2"]
[Site "Dresden"]
[Date "2008.11.18"]
[Round "7.8"]
[White "Berger, Nadja"]
[Black "Bohm, Stephanie"]
[Result "1-0"]
[WhiteElo "1553"]
[BlackElo "1162"]
[PlyCount "77"]
[EventDate "2008.??.??"]
[WhiteTeam "Bayern"]
[BlackTeam "Württemberg 2"]

1. e4 c5 2. f4 e6 3. Nf3 Ne7 4. Nc3 Nbc6 5. Bc4 g6 6. d3 d5 7. Bb3 Bg7 8. O-O
O-O 9. Qe1 a6 10. Qh4 b5 11. f5 exf5 12. Bh6 f6 13. exd5 b4 14. dxc6+ Kh8 15.
Bxg7+ Kxg7 16. Ne2 Nxc6 17. Qc4 Qd6 18. Qd5 Qxd5 19. Bxd5 Bd7 20. Nf4 Rae8 21.
Bxc6 Bxc6 22. Rae1 g5 23. Ne6+ Kf7 24. Nxf8 Rxe1 25. Rxe1 Kxf8 26. Re6 Bxf3 27.
gxf3 Kg7 28. Rxa6 Kg6 29. a4 g4 30. f4 h5 31. a5 h4 32. Rc6 Kh5 33. a6 g3 34.
h3 Kg6 35. Rc7 Kh6 36. a7 Kg6 37. a8=Q Kh6 38. Qh8+ Kg6 39. Rg7# 1-0

[Event "Niedersachsen-Nordrhein-Westfalen"]
[Site "Dresden"]
[Date "2008.11.18"]
[Round "7.8"]
[White "Manusina, Nicole"]
[Black "Kuckling, Hannah"]
[Result "1/2-1/2"]
[WhiteElo "1612"]
[BlackElo "1538"]
[PlyCount "66"]
[EventDate "2008.??.??"]
[WhiteTeam "Niedersachsen"]
[BlackTeam "Nordrhein-Westfalen"]

1. d4 Nf6 2. c4 g6 3. Nc3 Bg7 4. e4 d6 5. h3 O-O 6. Be3 Nbd7 7. Bd3 c5 8. d5
Ne5 9. Be2 Qa5 10. Qc2 a6 11. Bd2 Qc7 12. f4 Ned7 13. g4 Rd8 14. g5 Ne8 15. h4
Nf8 16. Nf3 Bg4 17. Nh2 Bxe2 18. Nxe2 Qd7 19. Nf1 b5 20. Ne3 b4 21. h5 a5 22.
f5 Rdb8 23. Rb1 a4 24. b3 axb3 25. axb3 Rb7 26. fxg6 fxg6 27. Nc1 Rba7 28. Qd1
e6 29. hxg6 hxg6 30. Qf3 Qf7 31. Qh3 Qf4 32. Qg2 Qf7 33. Qh3 Qf4 1/2-1/2

[Event "Sachsen 2-Hamburg"]
[Site "Dresden"]
[Date "2008.11.18"]
[Round "7.5"]
[White "Schulenburg, Torben"]
[Black "Lehr, Albert"]
[Result "1-0"]
[WhiteElo "1905"]
[BlackElo "1668"]
[PlyCount "57"]
[EventDate "2008.??.??"]
[WhiteTeam "Hamburg"]
[BlackTeam "Sachsen 2"]

1. d4 Nf6 2. c4 g6 3. Nc3 Bg7 4. e4 d6 5. f3 O-O 6. Be3 Na6 7. Bd3 c5 8. d5 Nd7
9. Nge2 Ne5 10. b3 f5 11. Rc1 Nb4 12. Bb1 fxe4 13. Nxe4 Qa5 14. N2c3 Bf5 15.
Qd2 Rf7 16. O-O Na6 17. Ng5 Rf6 18. Bxf5 Rxf5 19. g4 Rff8 20. Ne6 Rf7 21. Kg2
Nc7 22. Nxg7 Kxg7 23. h3 Re8 24. f4 Nd7 25. Qb2 e5 26. fxe5 Rxf1 27. Rxf1 Nxe5
28. Ne4 Rd8 29. Nxd6 1-0

[Event "Bayern-Württemberg 2"]
[Site "Dresden"]
[Date "2008.11.18"]
[Round "7.1"]
[White "Zhou, Syang"]
[Black "Berchtenbreiter, Maximilian"]
[Result "0-1"]
[WhiteElo "2087"]
[BlackElo "2137"]
[PlyCount "58"]
[EventDate "2008.??.??"]
[WhiteTeam "Württemberg 2"]
[BlackTeam "Bayern"]

1. e4 c5 2. Nf3 d6 3. d4 cxd4 4. Nxd4 Nf6 5. Nc3 a6 6. h3 e6 7. g4 b5 8. Bg2
Bb7 9. O-O b4 10. Nd5 exd5 11. exd5 Be7 12. Nc6 Bxc6 13. dxc6 Qc7 14. g5 Ng8
15. Qd4 Kf8 16. Bf4 Nxc6 17. Qd5 Rc8 18. c3 h6 19. Rac1 hxg5 20. cxb4 gxf4 21.
Rxc6 Qxc6 22. Qxc6 Rxc6 23. Bxc6 Rxh3 24. Bb7 d5 25. Rc1 g5 26. a3 Nf6 27. Bxa6
Rb3 28. Rc2 g4 29. b5 d4 0-1

[Event "Hessen 2-Schleswig-Holstein"]
[Site "Dresden"]
[Date "2008.11.18"]
[Round "7.5"]
[White "Franzenburg, Maria"]
[Black "Medvedovski, Michael"]
[Result "1-0"]
[WhiteElo "1661"]
[BlackElo "1756"]
[PlyCount "55"]
[EventDate "2008.??.??"]
[WhiteTeam "Schleswig-Holstein"]
[BlackTeam "Hessen 2"]

1. e4 c5 2. Nc3 Nc6 3. f4 g6 4. g3 Bg7 5. Bg2 d6 6. Nf3 e6 7. O-O Nge7 8. d3
O-O 9. Be3 b6 10. Qe1 d5 11. exd5 exd5 12. Nd1 d4 13. Bd2 Bb7 14. g4 Re8 15.
Qg3 f5 16. Ng5 Qd7 17. gxf5 Nxf5 18. Qh3 h6 19. Ne4 Re6 20. Ndf2 Nce7 21. Ng4
h5 22. Ne5 Bxe5 23. fxe5 Nd5 24. Rae1 Rae8 25. c4 Nde3 26. Bxe3 Nxe3 27. Nf6+
Rxf6 28. Qxd7 1-0

[Event "Sachsen Anhalt-Württemberg 1"]
[Site "Dresden"]
[Date "2008.11.18"]
[Round "7.2"]
[White "Hofmann, Annett"]
[Black "Strunski, Andreas"]
[Result "0-1"]
[WhiteElo "1960"]
[BlackElo "2253"]
[PlyCount "52"]
[EventDate "2008.??.??"]
[WhiteTeam "Sachsen Anhalt"]
[BlackTeam "Württemberg 1"]

1. e4 c5 2. Nf3 e6 3. d4 cxd4 4. Nxd4 Nc6 5. Nc3 Qc7 6. Nb3 Nf6 7. Bd3 Be7 8.
O-O O-O 9. Kh1 d6 10. f4 a6 11. Qe2 b5 12. Bd2 Bb7 13. a4 b4 14. Na2 d5 15. e5
Ne4 16. Bxe4 dxe4 17. Qxe4 Na5 18. Qe3 Nc4 19. Qe1 a5 20. c3 Rfd8 21. cxb4 Nxd2
22. Nxd2 axb4 23. b3 Qc2 24. Nf3 Bxf3 25. Rxf3 Rd2 26. Qc1 Qxc1+ 0-1

[Event "Baden-Hessen 1"]
[Site "Dresden"]
[Date "2008.11.18"]
[Round "7.8"]
[White "Spiegelberg, Silvia"]
[Black "Bluhm, Sonja Maria"]
[Result "0-1"]
[WhiteElo "1535"]
[BlackElo "1636"]
[PlyCount "46"]
[EventDate "2008.??.??"]
[WhiteTeam "Baden"]
[BlackTeam "Hessen 1"]

1. e4 e5 2. Nf3 Nc6 3. Bc4 Nf6 4. Ng5 d5 5. exd5 Na5 6. Bb5+ c6 7. dxc6 bxc6 8.
Ba4 h6 9. Nf3 e4 10. Ng1 Qb6 11. Ne2 Bc5 12. O-O Ng4 13. Qe1 O-O 14. a3 Bd6 15.
h3 Nh2 16. b4 Nb7 17. c4 Bb8 18. c5 Qc7 19. Nd4 Nxf1 20. Kxf1 Bd7 21. Qxe4 Re8
22. Qf3 Qh2 23. g3 Bxh3+ 0-1

[Event "Thüringen-Saarland"]
[Site "Dresden"]
[Date "2008.11.18"]
[Round "7.7"]
[White "Schmitt, Carsten"]
[Black "Jünger, Theresa"]
[Result "0-1"]
[WhiteElo "1383"]
[BlackElo "1537"]
[PlyCount "40"]
[EventDate "2008.??.??"]
[WhiteTeam "Saarland"]
[BlackTeam "Thüringen"]

1. d4 Nf6 2. Nf3 g6 3. c4 Bg7 4. Nc3 d6 5. Bg5 O-O 6. e3 Nbd7 7. Bd3 c5 8. d5
Ng4 9. Qc2 Nde5 10. Nxe5 Nxe5 11. O-O-O Bd7 12. h4 a6 13. h5 b5 14. b3 bxc4 15.
Bxc4 Nxc4 16. bxc4 Qa5 17. Rd3 Rfb8 18. Kd2 Bf5 19. Bxe7 Bxc3+ 20. Qxc3 Qxa2+
0-1

[Event "Thüringen-Saarland"]
[Site "Dresden"]
[Date "2008.11.18"]
[Round "7.8"]
[White "Michels, Kim"]
[Black "Puffay, Jana"]
[Result "1-0"]
[WhiteElo "1321"]
[BlackElo "1109"]
[PlyCount "27"]
[EventDate "2008.??.??"]
[WhiteTeam "Thüringen"]
[BlackTeam "Saarland"]

1. e4 c5 2. d4 cxd4 3. c3 dxc3 4. Nxc3 Nf6 5. e5 Ng8 6. Nf3 e6 7. Bc4 Bc5 8.
O-O Ne7 9. Ne4 Qc7 10. Bb3 b6 11. Nd6+ Kf8 12. Ng5 Qc6 13. Qh5 Ng6 14. Bc2 1-0